Statistiques concernant Capitales du monde de A à Z

Cliquez ici pour prendre le quiz!

Statistiques générales

  • Ce quiz a été pris 262 fois
  • Le résultat moyen est 17 sur 24

Statistiques - réponses

LettreCapitales% Correct
BBagdad | Bakou | Bangkok | Bangui | Banjul | Basseterre | Belgrade| Belmopan | Berlin | Berne | Bichkek | Bissau | Bogota | Brasilia |Bratislava | Brades | Brazzaville | Bridgetown | Bucarest | Budapest | Bamako | Beyrouth | Buenos Aires | Bruxelles | Bandar Seri Begawan
98%
AAbu Dhabi | Abuja |Accra |Addis-Abeba | Alger |Amman | Amsterdam | Ankara | Antananarivo | Apia | Asunción | Athènes | Astana | Ankara | Andorre la vieille | Asmara | Achgabat
94%
LLa Valette | Lima | Lisbonne | Ljubljana | Londres | Luanda | Lusaka | Luxembourg | Le Caire | La Havane | Libreville | La Paz | Lomé | Lilongwe
94%
PParamaribo | Paris | Phnom Penh | Plymouth | Podgorica | Port Louis | Port Moresby | Port-au-Prince | Port-Vila | Porto-Novo | Prague | Praia | Pretoria | Pristina | Pyongyang | Port d'Espagne
93%
MMadrid | Majuro | Malabo | Malé | Managua | Manama | Manille | Maputo | Mascate | Maseru | Mbabane | Mexico | Minsk | Mogadiscio | Monaco | Monrovia | Montevideo | Moroni | Moscou
89%
DDakar | Damas | Dili | Djibouti | Dodoma | Doha | Dublin | Douchanbe | Douala | Djouba | Dacca
84%
WWashington | Wellington | Windhoek
83%
OOslo | Ouagadougou | Oulan-Bator | Ottawa
80%
TTachkent | Téhéran | Thimphou | Tirana | Tokyo | Tripoli |Tegucigalpa | Tbilissi | Tallinn | Tunis | Taipei
80%
VVatican | Varsovie | Vaduz | Vientiane | Vilnius | Victoria | Vienne
79%
CCanberra | Caracas | Castries | Charlotte Amalie | Chisinau | Conakry | Copenhague | Colombo
77%
RRabat | Riga | Riyad | Rome | Roseau
77%
SSaint-Marin | Saint-Domingue | Saint-Georges | Saint-John's | San José | San Salvador | Sanaa | São Tomé | Sarajevo | Seoul | Singapour | Skopje | Sofia | Stockholm | Santiago | Suva
77%
KKaboul | Kampala | Kathmandu | Khartoum | Kiev | Kigali | Kingston | Kingstown | Kinshasa |Koweït | Kuala Lumpur | Katmandou
72%
HHanoï | Harare | Helsinki |Honiara
64%
NNairobi | Nassau | Naypyidaw | New Delhi | Nicosie | Nouakchott | Nuku'alofa | Niamey | N'Djamena
61%
JJakarta | Jérusalem
59%
ZZagreb
57%
GGaborone | Georgetown | Gitega | Grozny | Guatemala
52%
QQuito
49%
IIslamabad
48%
EErevan
43%
YYaoundé | Yamoussoukro
43%
FFreetown | Funafuti
38%

Distribution des résultats

Percentile par nombre de réponses

% des personnes avec chaque résultat

Votre développement - résultats

Vous n’avez pas pris ce quiz